[Event "XXVI Miedzynarodowy Festiwal Szachowy w Poznaniu - OPEN A"]
[Site "Poznan"]
[Date "2018-08-23"]
[Round "6.30"]
[White "Lisiecki, Robert "]
[Black "Huchwajda, Grzegorz"]
[Result "1-0"]
[WhiteTitle ""]
[BlackTitle ""]
[WhiteElo "1759"]
[BlackElo "1531"]

1. e4 c5 2. b3 Nc6 3. Bb2 e5 4. Bc4 g6 5. f4 Bg7 6. Nf3 d6 7. O-O Nge7 8. fxe5
O-O 9. Ng5 d5 10. exd5 Nxd5 11. Nxf7 Rxf7 12. Rxf7 Kxf7 13. Qf3+ Ke6 14. Nc3 Nce7
15. Rf1 Bxe5 16. Qf7+ Kd7 17. Bb5+ Kd6 18. Ne4+ Kc7 19. Bxe5+ Kb6 20. Bc4 Bf5
21. Nf6 Nb4 22. c3 Nbc6 23. Bf4 Bd3 24. Re1 Bxc4 25. Qxc4 a6 26. b4 cxb4 27. cxb4
Ka7 28. b5 axb5 29. Qxb5 b6 30. Be3 Kb7 31. Rb1 Nc8 32. Ne4 Ra5 33. Nc5+ 1-0

[Event "XXVI Miedzynarodowy Festiwal Szachowy w Poznaniu - OPEN A"]
[Site "Poznan"]
[Date "2018-08-23"]
[Round "6.31"]
[White "Wojdak, Karol"]
[Black "Stochnialek, Dominika"]
[Result "0-1"]
[WhiteTitle ""]
[BlackTitle ""]
[WhiteElo "1408"]
[BlackElo "1725"]

1. e4 e6 2. Nf3 d5 3. Nc3 d4 4. Ne2 c5 5. c3 dxc3 6. Nxc3 Nc6 7. Bb5 Bd7 8. O-O
a6 9. Bxc6 Bxc6 10. Ne5 Qc7 11. Nxc6 Qxc6 12. d4 cxd4 13. Qxd4 Rd8 14. Qe5 Nf6
15. Bg5 Be7 16. Bxf6 Bxf6 17. Qg3 Bxc3 18. bxc3 O-O 19. Qe3 b5 20. Rfd1 h6 21.
f3 Rxd1+ 22. Rxd1 Qc4 23. Rd2 Rc8 24. Rc2 b4 25. Kf2 bxc3 26. Qe2 Qc5+ 27. Qe3
Qb4 28. Ke2 a5 29. Qd3 a4 30. Qd7 Qc4+ 31. Qd3 Qc5 32. Qd7 a3 33. Qd3 Qg1 34.
Rxc3 Qxg2+ 35. Kd1 Rxc3 36. Qxc3 Qxa2 37. Kc1 Qxh2 38. Qxa3 h5 39. Qd3 Qg3 40.
Qd8+ Kh7 41. Qd3 h4 42. e5+ g6 43. Qd8 Qf4+ 44. Kc2 h3 45. Qd3 h2 46. Qf1 Qg3
47. f4 Qh4 48. Qh1 Qxf4 49. Qg2 Qxe5 50. Kd3 Qh5 51. Qh1 Qh3+ 52. Ke2 Qg3 53.
Qb7 Qg4+ 54. Ke3 Qg1+ 55. Kf4 Qf1+ 56. Kg4 h1=Q 0-1

[Event "XXVI Miedzynarodowy Festiwal Szachowy w Poznaniu - OPEN A"]
[Site "Poznan"]
[Date "2018-08-23"]
[Round "6.32"]
[White "Najdzionek, Boleslaw "]
[Black "Zielinski, Tomasz"]
[Result "1/2-1/2"]
[WhiteTitle ""]
[BlackTitle ""]
[WhiteElo "1715"]
[BlackElo "1382"]

1. e4 c5 2. Nf3 Nc6 3. Nc3 e6 4. d4 cxd4 5. Nxd4 g6 6. Be3 a6 7. Be2 Bg7 8. O-O
Nge7 9. Qd2 O-O 10. Nf3 b5 11. a3 Re8 12. Rad1 Qc7 13. Bf4 Ne5 14. Na2 Nxf3+ 15.
Bxf3 Be5 16. Bxe5 Qxe5 17. c3 Rd8 18. Rfe1 Bb7 19. Nb4 Nc6 20. Nd3 Qc7 21. Qf4
Na5 22. h4 d5 23. e5 Nc6 24. h5 Qe7 25. Qg3 Na5 26. hxg6 hxg6 27. Nf4 Kf8 28.
Nh3 Nc4 29. Re2 Kg7 30. Rd4 Rh8 31. Nf4 Kf8 32. Bg4 Qh4 33. Qxh4 Rxh4 34. Bxe6
g5 35. Bxd5 Bxd5 36. Nxd5 Rxd4 37. cxd4 Rd8 38. Nc7 Rxd4 39. Nxa6 Rd5 40. Nb4
Rxe5 41. Rxe5 Nxe5 42. b3 Ke7 43. Kf1 Nd7 44. Nd3 Kd6 45. Ke2 Kd5 46. Ke3 f5 47.
g3 Nf8 48. a4 bxa4 49. bxa4 Kc4 50. a5 Kb5 51. Kd4 f4 52. gxf4 gxf4 53. Nxf4 Kxa5
54. Ke5 Nd7+ 55. Kf5 Kb5 56. Ne6 Kc6 57. Nf4 Kd6 58. Ng6 Nc5 59. f3 Ne6 60. Kf6
Nd4 1/2-1/2

[Event "XXVI Miedzynarodowy Festiwal Szachowy w Poznaniu - OPEN A"]
[Site "Poznan"]
[Date "2018-08-23"]
[Round "6.33"]
[White "Weglarz, Janusz"]
[Black "Mozdzanowski, Filip"]
[Result "0-1"]
[WhiteTitle ""]
[BlackTitle ""]
[WhiteElo "1707"]
[BlackElo "1411"]

1. Nf3 Nf6 2. e3 g6 3. c4 Bg7 4. Nc3 d6 5. Be2 O-O 6. d4 Nbd7 7. O-O e5 8. Qc2
c6 9. Rd1 Qe7 10. b3 Rd8 11. Bb2 Nh5 12. dxe5 dxe5 13. a4 f5 14. Ba3 Nc5 15. Ne1
e4 16. Bxh5 gxh5 17. g3 Qe5 18. Bxc5 Qxc5 19. Ng2 Be6 20. Rac1 Rac8 21. Ne2 Bf7
22. h4 b5 23. Rxd8+ Rxd8 24. axb5 cxb5 25. Rd1 Rxd1+ 26. Qxd1 bxc4 27. bxc4 Bxc4
28. Nef4 Bf7 29. Qd8+ Qf8 30. Qd7 a5 31. Qxf5 a4 32. Nd5 a3 33. Nf6+ Bxf6 34.
Qxf6 a2 35. Nf4 Qg7 36. Qd8+ Qf8 37. Qf6 Qc5 38. Kg2 Qf8 39. Kh2 h6 40. Ne2 Qg7
41. Qd8+ Kh7 42. Nd4 a1=Q 43. Nf5 Qaf6 44. Qa5 Qgg6 0-1

[Event "XXVI Miedzynarodowy Festiwal Szachowy w Poznaniu - OPEN A"]
[Site "Poznan"]
[Date "2018-08-23"]
[Round "6.34"]
[White "Szczepaniak, Artur "]
[Black "Aleshko, Igor L"]
[Result "1-0"]
[WhiteTitle ""]
[BlackTitle ""]
[WhiteElo "1677"]
[BlackElo "1222"]

1. d4 d5 2. c4 dxc4 3. e3 Be6 4. Na3 Nf6 5. Nxc4 Bd5 6. Nf3 e6 7. g3 c5 8. Nce5
a6 9. Be2 Be7 10. O-O Nbd7 11. Bd2 cxd4 12. exd4 O-O 13. Rc1 Rc8 14. Bd3 Be4 15.
Be2 h6 16. Re1 Rxc1 17. Bxc1 Qc7 18. Bf4 Bd6 19. Qd2 Rc8 20. Bd1 Bc2 21. Be2 Be4
22. Qe3 Qc2 23. Nxd7 Bxf4 24. Nxf6+ gxf6 25. Qxf4 1-0

[Event "XXVI Miedzynarodowy Festiwal Szachowy w Poznaniu - OPEN A"]
[Site "Poznan"]
[Date "2018-08-23"]
[Round "6.35"]
[White "Szafranski, Piotr"]
[Black "Aleshko, Margarita "]
[Result "1-0"]
[WhiteTitle ""]
[BlackTitle ""]
[WhiteElo "1670"]
[BlackElo "1219"]

1. e4 e6 2. d4 d5 3. Bd3 Nf6 4. e5 Nfd7 5. Nd2 c5 6. c3 Nc6 7. Ne2 cxd4 8. cxd4
f6 9. exf6 Qxf6 10. Nf3 h6 11. O-O Bd6 12. a3 O-O 13. Bc2 Re8 14. Ng3 Nf8 15.
Re1 Bd7 16. Qd3 Rec8 17. Bd2 Be8 18. Bc3 Bg6 19. Qe2 Bxc2 20. Qxc2 Nxd4 21. Nxd4
Qxd4 22. Rad1 Qb6 23. Qd2 Qc7 24. Nh5 g5 25. h4 Bf4 26. Qd4 Rd8 27. Qh8+ Kf7 28.
Qg7+ Ke8 29. Nf6# 1-0

[Event "XXVI Miedzynarodowy Festiwal Szachowy w Poznaniu - OPEN A"]
[Site "Poznan"]
[Date "2018-08-23"]
[Round "6.36"]
[White "Kiwilsza, Piotr"]
[Black "Lesien, Tymoteusz"]
[Result "1-0"]
[WhiteTitle ""]
[BlackTitle ""]
[WhiteElo "1623"]
[BlackElo "1147"]

1. e4 c5 2. Nf3 Nc6 3. Nc3 g6 4. Bb5 Bg7 5. O-O a6 6. Bxc6 dxc6 7. Ne2 Bg4 8. Ng3
Nf6 9. h3 Bxf3 10. Qxf3 O-O 11. d3 Qc7 12. Bf4 e5 13. Be3 b6 14. b3 Rad8 15. Bg5
Rd6 16. Qe3 Kh8 17. Bh6 Bxh6 18. Qxh6 Ng8 19. Qe3 Rfd8 20. f4 Rf6 21. f5 Qd6 22.
Ne2 b5 23. g4 g5 24. Qxg5 Rh6 25. Kh2 c4 26. Rad1 cxb3 27. axb3 Qc5 28. Qxd8 Qxc2
29. Rde1 Qxb3 30. Qg5 Qxd3 31. Ng3 a5 32. Rd1 Qc2+ 33. Rd2 Qc4 34. Rd8 f6 35.
Qxh6 1-0

[Event "XXVI Miedzynarodowy Festiwal Szachowy w Poznaniu - OPEN A"]
[Site "Poznan"]
[Date "2018-08-23"]
[Round "6.37"]
[White "Hoffmann, Kacper "]
[Black "Stanislawski, Karol"]
[Result "1-0"]
[WhiteTitle ""]
[BlackTitle ""]
[WhiteElo "1569"]
[BlackElo "1104"]

1. Nc3 e5 2. Nf3 Nc6 3. d4 exd4 4. Nxd4 Bc5 5. Nxc6 bxc6 6. e4 d5 7. exd5 Bb7 8.
Bc4 Ne7 9. Na4 Bb6 10. Nxb6 axb6 11. O-O cxd5 12. Bd3 d4 13. Re1 Ra5 14. Bd2 Ra4
15. c3 Ra7 16. cxd4 c5 17. Bb5+ Kf8 18. dxc5 Qd5 19. c6 Nxc6 20. Bb4+ Ne7 21.
Bxe7+ Kg8 22. Qxd5 Bxd5 23. Bd8 Be6 24. Rad1 h6 25. Bxb6 Rb7 26. Rd8+ Kh7 27.
Bd3+ g6 28. Rxh8+ Kxh8 29. Bd4+ Kh7 30. Bc3 Rd7 31. Bc2 Rd8 32. a4 Ra8 33. a5
Ra7 34. h3 Ra8 35. Rd1 Rb8 36. a6 Ra8 37. Rd6 Bc4 38. Be4 Rxa6 39. Rxa6 Bxa6 40.
b4 Bb5 41. f3 Kg8 42. Kf2 f5 43. Bd5+ Kf8 44. Ke3 Ke7 45. Be5 Bf1 46. f4 Kf8 47.
Kd4 Ke7 48. Kc5 Kd7 49. b5 Kd8 50. b6 Ba6 51. b7 Bxb7 52. Bxb7 Kd7 53. Bd5 Ke7
54. Kc6 g5 55. fxg5 hxg5 56. Bh8 g4 57. hxg4 fxg4 58. Bb3 Ke8 59. Kd6 Kf8 60.
Be6 g3 61. Be5 Ke8 62. Bxg3 Kd8 63. Be5 Ke8 64. g4 Kf8 65. g5 Ke8 66. g6 Kf8 67.
g7+ Ke8 68. g8=Q# 1-0

[Event "XXVI Miedzynarodowy Festiwal Szachowy w Poznaniu - OPEN A"]
[Site "Poznan"]
[Date "2018-08-23"]
[Round "6.38"]
[White "Kaluzny, Jan "]
[Black "Kugler, Pawel"]
[Result "1-0"]
[WhiteTitle ""]
[BlackTitle ""]
[WhiteElo "1375"]
[BlackElo "1561"]

1. e4 e6 2. d4 b6 3. Nf3 Bb7 4. Nc3 c5 5. d5 exd5 6. exd5 d6 7. Be2 Be7 8. O-O
Nf6 9. b3 O-O 10. Bb2 a6 11. a4 Re8 12. Qd2 Nbd7 13. Rfe1 Bf8 14. Bc4 Qc7 15.
Rad1 g6 16. Ba1 Bg7 17. h3 Rxe1+ 18. Rxe1 Re8 19. Rxe8+ Nxe8 20. Qe1 Nef6 21.
Qd1 Qd8 22. Ne2 Qe8 23. Bxf6 Nxf6 24. Qd3 Qc8 25. Nf4 Nd7 26. Qe2 Ne5 27. Nxe5
Bxe5 28. Nd3 Bf6 29. Ne1 a5 30. Nf3 Qd8 31. Qe4 Qe7 32. Qxe7 Bxe7 33. Kf1 f5 34.
Ke2 Bf6 35. h4 h6 36. g3 Kg7 37. Ke3 g5 38. hxg5 hxg5 39. Ne1 Bd4+ 40. Ke2 Kg6
41. Nd3 Bc8 42. Bb5 Kf6 43. g4 Ke7 44. Kf3 Bb7 45. Kg3 Kf6 46. Be8 Ke7 47. Bc6
Bxc6 48. dxc6 1-0

[Event "XXVI Miedzynarodowy Festiwal Szachowy w Poznaniu - OPEN A"]
[Site "Poznan"]
[Date "2018-08-23"]
[Round "6.39"]
[White "Zatylny, Jan "]
[Black "Pietras, Igor"]
[Result "1/2-1/2"]
[WhiteTitle ""]
[BlackTitle ""]
[WhiteElo "1548"]
[BlackElo "1140"]

1. d4 d5 2. c4 e6 3. e3 Nf6 4. a3 c5 5. dxc5 Bxc5 6. b4 Bd6 7. Bb2 dxc4 8. Bxc4
O-O 9. Nf3 b6 10. O-O Bb7 11. Be2 Qe7 12. h3 Rd8 13. Qe1 Nbd7 14. Nbd2 Rac8 15.
Rc1 Rxc1 16. Qxc1 Rc8 17. Qb1 Bb8 18. Rc1 Rxc1+ 19. Qxc1 h6 20. Bb5 Nd5 21. Qa1
N7f6 22. Be5 Bc7 23. Qc1 Bxe5 24. Nxe5 Qc7 25. Qxc7 Nxc7 26. Bf1 Ncd5 27. Nb1
Ne4 28. b5 Ndc3 29. Nxc3 Nxc3 30. Nc6 Nb1 31. Nxa7 Nxa3 32. Nc6 Nb1 33. Ne5 Nc3
34. Nd7 Nd5 35. Bc4 Bc8 36. Ne5 Bb7 37. Bxd5 Bxd5 38. Nd7 Bc4 39. Nxb6 Bxb5 40.
Nc8 Kf8 41. e4 g6 42. e5 Kg7 43. Nd6 Bd7 44. f4 g5 45. g3 f5 46. Kf2 Bc6 47. Ke3
Kg6 48. g4 Bg2 49. gxf5+ exf5 50. e6 Kf6 51. e7 Kxe7 52. Nxf5+ Kf6 53. Nxh6 gxf4+
54. Kxf4 Bxh3 1/2-1/2

[Event "XXVI Miedzynarodowy Festiwal Szachowy w Poznaniu - OPEN A"]
[Site "Poznan"]
[Date "2018-08-23"]
[Round "6.40"]
[White "Kabzinski, Jan "]
[Black "Cichon, Ludwik "]
[Result "1/2-1/2"]
[WhiteTitle ""]
[BlackTitle ""]
[WhiteElo "1522"]
[BlackElo "1139"]

1. c4 e5 2. Nc3 Nc6 3. e3 Nf6 4. Nf3 d6 5. d4 Bg4 6. Be2 g6 7. h3 Bd7 8. O-O Bg7
9. b3 O-O 10. Bb2 exd4 11. Nxd4 Nxd4 12. exd4 c6 13. d5 Re8 14. Bf3 Qc7 15. Qd2
c5 16. Rfe1 a6 17. Rxe8+ Rxe8 18. Re1 Rxe1+ 19. Qxe1 b5 20. Qe2 b4 21. Ne4 Nxe4
22. Bxe4 Bxb2 23. Qxb2 Qd8 24. Qd2 Kg7 25. Qc2 a5 26. Qd2 Qe7 1/2-1/2

[Event "XXVI Miedzynarodowy Festiwal Szachowy w Poznaniu - OPEN A"]
[Site "Poznan"]
[Date "2018-08-23"]
[Round "6.42"]
[White "Korzystka, Wiktor"]
[Black "Tadych, Szymon "]
[Result "1/2-1/2"]
[WhiteTitle ""]
[BlackTitle ""]
[WhiteElo "1261"]
[BlackElo "1468"]

1. e4 d6 2. d4 Nf6 3. Nc3 g6 4. Bc4 Bg7 5. Be3 O-O 6. Qd2 Nxe4 7. Bxf7+ Rxf7 8.
Nxe4 Nc6 9. O-O-O e5 10. Nf3 Bg4 11. dxe5 Bxf3 12. gxf3 Nxe5 13. Ng5 Rf5 14. Qd5+
Kh8 15. f4 h6 16. h4 Qe8 17. fxe5 Bxe5 18. Qe6 hxg5 19. hxg5+ Kg7 20. Qxe8 Rxe8
21. Rh3 Bf4 22. Bxf4 Rxf4 23. Rdh1 Re7 24. Rh7+ Kf8 25. Rxe7 Kxe7 26. Rh7+ Kd8
27. Rg7 Rxf2 28. Rxg6 Rg2 29. Rg7 b6 30. b3 d5 31. Kb2 c5 32. Kc3 Ke8 33. g6 Kf8
34. Rf7+ Ke8 35. Rg7 Kf8 36. Rf7+ Ke8 37. Rf5 d4+ 38. Kd3 Rxg6 39. Rf2 Re6 40.
Kc4 Re7 41. Rd2 Rd7 42. b4 cxb4 43. Kxb4 Kd8 44. Kc4 Rc7+ 45. Kxd4 Kc8 46. Ke3
Kb7 47. Ke2 1/2-1/2

[Event "XXVI Miedzynarodowy Festiwal Szachowy w Poznaniu - OPEN A"]
[Site "Poznan"]
[Date "2018-08-23"]
[Round "6.43"]
[White "Geselle, Roman "]
[Black "Trochimowicz, Bartosz"]
[Result "1-0"]
[WhiteTitle ""]
[BlackTitle ""]
[WhiteElo "1461"]
[BlackElo "1302"]

1. d4 f5 2. Nf3 Nf6 3. c4 e6 4. Nc3 c6 5. e3 d5 6. c5 Nbd7 7. Be2 Be7 8. Ng5 Nf8
9. f4 Bd7 10. Bd2 Ng6 11. b4 O-O 12. O-O h6 13. Nf3 Ne4 14. Be1 h5 15. Nxe4 dxe4
16. Nd2 h4 17. h3 Kh7 18. Nc4 Rg8 19. a3 Nf8 20. Ne5 g5 21. Bc4 Be8 22. b5 gxf4
23. exf4 Bf6 24. Rb1 Qe7 25. Kh2 Rd8 26. Bf2 Nd7 27. Qb3 Bxe5 28. dxe5 Nxc5 29.
Bxc5 Qxc5 30. Bxe6 Rg3 31. Bxf5+ Kh8 32. Qb2 Kg8 33. Bxe4 Qe3 34. Rbe1 Rxh3+ 35.
gxh3 Qg3+ 36. Kh1 Qxh3+ 37. Qh2 Qc3 38. Rg1+ Kf8 39. Qxh4 Bf7 40. Qxd8+ Be8 41.
Qf6+ Bf7 42. Bg2 Qg3 43. Rd1 Kg8 44. Rd8+ Kh7 45. Rh8# 1-0

[Event "XXVI Miedzynarodowy Festiwal Szachowy w Poznaniu - OPEN A"]
[Site "Poznan"]
[Date "2018-08-23"]
[Round "6.44"]
[White "Nowak, Patrycja"]
[Black "Nicikowski, Jozef"]
[Result "1/2-1/2"]
[WhiteTitle ""]
[BlackTitle ""]
[WhiteElo "1221"]
[BlackElo "1459"]

1. d4 Nf6 2. Nf3 g6 3. Bf4 Bg7 4. e3 d6 5. h3 Nbd7 6. Nbd2 O-O 7. Be2 c5 8. c3
b6 9. O-O Bb7 10. a4 Re8 11. Re1 e5 12. dxe5 dxe5 13. Bg5 h6 14. Bh4 g5 15. Bg3
Nh5 16. Nf1 Nxg3 17. Nxg3 e4 18. Nd2 Nf6 19. Qc2 Qc7 20. Rad1 Rad8 21. Nf5 Qe5
22. Nxg7 Kxg7 23. Rf1 h5 24. Nc4 Qc7 25. f4 exf3 26. Bxf3 Bxf3 27. Rxf3 g4 28.
hxg4 hxg4 29. Rff1 Rh8 30. Rxd8 Qh2+ 31. Kf2 Rxd8 32. Qf5 Rd5 33. Qf4 Qh4+ 34.
Ke2 Qg5 1/2-1/2

[Event "XXVI Miedzynarodowy Festiwal Szachowy w Poznaniu - OPEN A"]
[Site "Poznan"]
[Date "2018-08-23"]
[Round "6.45"]
[White "Nowak, Roksana "]
[Black "Zarzycki, Lukasz "]
[Result "0-1"]
[WhiteTitle ""]
[BlackTitle ""]
[WhiteElo "1329"]
[BlackElo "1130"]

1. e4 e5 2. Nf3 Nc6 3. Bc4 Bc5 4. Nc3 d6 5. d3 h6 6. h3 Be6 7. Bb3 Nf6 8. O-O O-O
9. Nd5 Nd7 10. Be3 Ne7 11. Nxe7+ Qxe7 12. Re1 c6 13. d4 exd4 14. Nxd4 Bxb3 15.
Nxb3 Bxe3 16. Rxe3 Nf6 17. a3 Rfe8 18. f3 Qc7 19. Re1 d5 20. exd5 Nxd5 21. Qd2
Qg3 22. Qf2 Qg5 23. Kh1 Nf4 24. Kh2 Re5 25. g3 Rxe1 26. Rxe1 Ne6 27. Qe3 Qf6 28.
c3 Qf5 29. Qe4 Qb5 30. Qc2 Qd5 31. Qd1 Qb5 32. Qc2 Qd5 33. Nd2 Rd8 34. Re2 Ng5
35. f4 Qxd2 36. fxg5 Qxc2 37. Rxc2 hxg5 38. Kg2 f6 39. Re2 Kf7 40. Kf3 Rd5 41.
g4 Re5 42. Rxe5 fxe5 43. Ke4 Ke6 44. b3 b5 45. a4 bxa4 46. bxa4 a5 47. c4 Kd6
48. Kd3 Kc5 49. Kc3 e4 50. Kd2 Kxc4 51. Kc2 e3 52. Kd1 Kd3 53. Ke1 e2 54. h4 gxh4
55. g5 h3 56. g6 h2 0-1

[Event "XXVI Miedzynarodowy Festiwal Szachowy w Poznaniu - OPEN A"]
[Site "Poznan"]
[Date "2018-08-23"]
[Round "6.46"]
[White "Kaluzny, Stanislaw "]
[Black "Nawrowski, Artur "]
[Result "1-0"]
[WhiteTitle ""]
[BlackTitle ""]
[WhiteElo "1321"]
[BlackElo "1024"]

1. e4 c5 2. Nf3 g6 3. d4 cxd4 4. Nxd4 Nc6 5. c4 Bg7 6. Be3 Nf6 7. Nc3 O-O 8. Be2
d6 9. O-O Bd7 10. f4 Re8 11. Qe1 Ng4 12. Nxc6 bxc6 13. Qg3 Nxe3 14. Qxe3 c5 15.
Rad1 Bd4 16. Rxd4 cxd4 17. Qxd4 Qb6 18. c5 Qxc5 19. Qxc5 dxc5 20. f5 f6 21. Nd5
Rac8 22. Bc4 Kg7 23. g4 e6 24. Nxf6 Kxf6 25. fxe6+ Ke7 26. Rf7+ Kd8 27. Rxd7#
1-0

[Event "XXVI Miedzynarodowy Festiwal Szachowy w Poznaniu - OPEN A"]
[Site "Poznan"]
[Date "2018-08-23"]
[Round "6.47"]
[White "Dopierala, Adam"]
[Black "Kapustka, Oskar"]
[Result "1-0"]
[WhiteTitle ""]
[BlackTitle ""]
[WhiteElo "1305"]
[BlackElo "1012"]

1. e4 c5 2. Nf3 Nc6 3. d4 cxd4 4. Nxd4 d6 5. Nc3 Nf6 6. Be2 Bd7 7. Be3 e6 8. O-O
Be7 9. Ndb5 Qb6 10. f4 a6 11. Nd4 O-O 12. Nb3 Qc7 13. Bf3 b5 14. Ne2 Rac8 15.
c3 b4 16. Rc1 Qb8 17. c4 Rfd8 18. Ned4 e5 19. Nf5 Bf8 20. Qe1 Ne7 21. Ng3 Nc6
22. f5 a5 23. Nh5 Be7 24. Qg3 Nxh5 25. Bxh5 Be8 26. f6 Bf8 27. fxg7 Be7 28. Qg4
Qc7 29. Bxf7+ Bxf7 30. Rxf7 Kxf7 31. Rf1+ Kg8 32. Qe6+ Kxg7 33. Rf7+ Kh8 34. Qh6
1-0

[Event "XXVI Miedzynarodowy Festiwal Szachowy w Poznaniu - OPEN A"]
[Site "Poznan"]
[Date "2018-08-23"]
[Round "6.48"]
[White "Lakowski, Filip"]
[Black "Plichta, Olga"]
[Result "1/2-1/2"]
[WhiteTitle ""]
[BlackTitle ""]
[WhiteElo "1210"]
[BlackElo "1244"]

1. e4 c6 2. Nc3 d5 3. Nf3 dxe4 4. Nxe4 Bf5 5. Ng3 Bg6 6. Bc4 e6 7. d3 Nd7 8. O-O
Bd6 9. Ne4 Be7 10. Be3 Ngf6 11. Nc3 Bh5 12. Re1 Ne5 13. a3 Nxf3+ 14. gxf3 Bd6
15. h3 Qc7 16. Kf1 Bf4 17. Qe2 Bxe3 18. Qxe3 Qh2 19. Ke2 Qxh3 20. Rh1 Qf5 21.
Ne4 Nxe4 22. Qxe4 Qxe4+ 23. dxe4 Bg6 24. Rag1 Ke7 25. Rd1 f6 26. Bb3 h5 27. Ke3
Bf7 28. f4 g5 29. f5 exf5 30. Bxf7 f4+ 31. Kf3 Kxf7 32. Rd7+ Ke6 33. Rxb7 h4 34.
b4 Rhb8 35. Rc7 Rc8 36. Rb7 a5 37. b5 cxb5 38. Rb6+ Kf7 39. Rxb5 Rc3+ 40. Kg4
Rxc2 41. Kf5 Ra7 42. Rhb1 Rcc7 43. a4 Rd7 44. f3 Kg7 45. R1b2 Rf7 46. Rb6 Rac7
47. R6b3 Rc5+ 48. Ke6 Kg6 49. Rb8 Re5+ 50. Kd6 Rh7 51. R8b5 h3 52. Rxe5 h2 53.
Rxh2 Rxh2 54. Rxa5 Rf2 55. Ra8 Rxf3 56. a5 Ra3 57. Ke6 f3 58. Rf8 Kh5 59. Kxf6
Kg4 60. e5 f2 61. Kg6 Rf3 62. Rxf3 Kxf3 63. e6 f1=Q 64. e7 Qd3+ 65. Kxg5 Qd7 66.
Kf6 Kf4 67. a6 Qe8 68. a7 Ke4 69. Ke6 Kd4 70. Kd6 Kc4 71. Kc7 Kc5 72. a8=Q Qxe7+
73. Kc8 Qe8+ 74. Kb7 Qc6+ 1/2-1/2